000 00628nam a22001697a 4500
082 _a891.43915
_bMEH
100 _aMehr, Maulana Ghulam Rasool
245 _aGhalib /
_cMaulana Ghulam Rasool Mehr.
260 _aLahore:
_b Sheikh Ghulam Ali & Sons,
_c2014.
300 _a544p. ;
563 _aHB
650 _aGhalib, Mirza Asadullah Khan — Biography.
_9129650
880 _6100-01\(3\r
_aمولانا غلام رسول مہر
880 _6245-02\(3\r
_aغالب / مولانا غلام رسول مہر۔
880 _6260-03\(3\r
_aلاہور: شیخ غلام علی اینڈ سنز، 2014ء۔
942 _2ddc
_cBK
999 _c614242
_d614242